L'enseignement de la geometrie

Αποθηκεύτηκε σε:
Λεπτομέρειες βιβλιογραφικής εγγραφής
Κύριος συγγραφέας: Choquet, Gustave
Μορφή: Βιβλίο
Γλώσσα:French
Δημοσίευση: Paris : Hermann, c1964
Σειρά:Collection Enseignement des sciences
Θέματα:
Ετικέτες: Προσθήκη ετικέτας
Δεν υπάρχουν, Καταχωρήστε ετικέτα πρώτοι!

MARC

LEADER 00000cam a2200000 i 4500
001 1/105496
008 090526s1964 fre d
035 |l 10104851 
040 |a GR-MY-UA  |b gre  |e aacr 
041 0 |a fre 
082 0 |a 516.0071  |2 (22) 
100 1 |a Choquet, Gustave. 
245 1 0 |a L'enseignement de la geometrie /  |c Gustave Choquet 
260 |a Paris :   |b Hermann,   |c c1964 
300 |a 168 σ.;  |b σχέδια;  |c 23 εκ. 
490 1 |a Enseignement des sciences 
504 |a Περιέχει βιβλιογραφικές παραπομπές και ευρετήριο 
650 0 0 |a Geometry  |x Study and teaching. 
830 0 |a Collection Enseignement des sciences 
852 |a INST  |b SAMOS  |c MAG  |e 20090526  |h 516.0071 CHO  |p 005300028630  |q 005300028630  |t BK  |y 0 
901 |a BIBL3-2009-2 
909 |a Σ  |b 158023 
970 |a ΡΟΥΣΣΟΥ  |b ΚΩΝΣΤΑΝΤΙΝΑ  |z 2009/05/26